Trigonométrie #1 - Statistiques

Statistiques générales
  • Ce quiz a été pris 151 fois
  • Le résultat moyen est 11 sur 20
Statistiques - réponses
Question Tuile Select % Correct
À quoi est égal sin(π/2 - x) ? Non
79%
À quoi est égal sin(π/2 - x) ? Non
73%
À quoi est égal cos(π/2 + x) ? Non
72%
À quoi est égal cos(π/2 + x) ? Non
65%
À quoi est égal cos(a - b) ? Non
63%
À quoi est égal cos(a - b) ? Non
63%
À quoi est égal cos(π/2 + x) ? Non
61%
À quoi est égal sin(a + b) ? Non
61%
À quoi est égal sin(a + b) ? Non
61%
À quoi est égal tan(a - b) ? Non
61%
À quoi est égal sin(a + b) ? Non
57%
À quoi est égal cos(a - b) ? Non
55%
À quoi est égal tan(a - b) ? Non
52%
À quoi est égal tan(a - b) ? Non
46%
À quoi est égal sin(a + b) ? Oui
45%
À quoi est égal cos(a - b) ? Oui
38%
À quoi est égal sin(π/2 - x) ? Oui
37%
À quoi est égal cos(π/2 + x) ? Oui
33%
À quoi est égal sin(π/2 - x) ? Oui
28%
À quoi est égal tan(a - b) ? Oui
28%
Aucun quiz correspondant
Distribution des résultats
% des personnes avec chaque résultat
Percentile par nombre de réponses
Votre historique - résultats
Vous n’avez pas pris ce quiz